|
|
|
|
| LEADER |
00000nam0a2200000 4500 |
| 001 |
280283 |
| 005 |
20231101235305.0 |
| 020 |
|
|
|a RU
|b 86-67068
|
| 035 |
|
|
|a (RuTPU)RU\TPU\book\303592
|
| 090 |
|
|
|a 280283
|
| 100 |
|
|
|a 20141226d1986 k y0rusy5003 ca
|
| 101 |
0 |
|
|a rus
|
| 102 |
|
|
|a RU
|
| 105 |
|
|
|a y z 101zy
|
| 200 |
1 |
|
|a Теория и практика изобретательства, рационализации и патентно-лицензионной работы
|e материалы семинара
|f Общество "Знание" РСФСР ; Московский Дом научно-технической пропаганды ; науч. рук. Н. П. Шепелев
|
| 210 |
|
|
|a Москва
|c Изд-во МДНТП
|d 1986
|
| 215 |
|
|
|a 123 с.
|
| 320 |
|
|
|a Библиогр. в конце докл.
|
| 606 |
1 |
|
|a Изобретательство и рационализация
|2 stltpush
|3 (RuTPU)RU\TPU\subj\12295
|9 39106
|
| 606 |
1 |
|
|a Патентное дело
|2 stltpush
|3 (RuTPU)RU\TPU\subj\48369
|9 67240
|
| 610 |
1 |
|
|a практика
|
| 610 |
1 |
|
|a лицензионная деятельность
|
| 610 |
1 |
|
|a изобретения
|
| 610 |
1 |
|
|a экспертиза
|
| 610 |
1 |
|
|a новизна
|
| 610 |
1 |
|
|a авторские свидетельства
|
| 610 |
1 |
|
|a заявки
|
| 610 |
1 |
|
|a патентные исследования
|
| 610 |
1 |
|
|a кадры
|
| 675 |
|
|
|a 608
|v 4
|
| 675 |
|
|
|a 608.3
|v 4
|
| 702 |
|
1 |
|a Шепелев
|b Н. П.
|4 727
|
| 712 |
0 |
2 |
|a Общество "Знание" РСФСР
|c (Москва)
|2 stltpush
|3 (RuTPU)RU\TPU\col\7484
|
| 712 |
0 |
2 |
|a Московский Дом научно-технической пропаганды
|2 stltpush
|3 (RuTPU)RU\TPU\col\7885
|9 24405
|
| 712 |
1 |
2 |
|a Теория и практика изобретательства, рационализации и патентно-лицензионной работы
|c семинар
|e Москва
|f 1986
|4 570
|
| 801 |
|
0 |
|a RU
|b RuMRKP
|c 19950704
|g psbo
|
| 801 |
|
1 |
|a RU
|b 63413507
|c 20141226
|
| 801 |
|
2 |
|a RU
|b 63413507
|c 20170428
|g RCR
|
| 942 |
|
|
|c BK
|